Školení o barevné televizi /

Guardado en:
Detalles Bibliográficos
Autor principal: Vít, Vladimír (Autor)
Formato: Libro
Lenguaje:checo
Publicado: Praha : Práce, 1978
Edición:1.vyd.
Etiquetas: Agregar Etiqueta
Sin Etiquetas, Sea el primero en etiquetar este registro!

MARC

LEADER 00000nam a22000003a 4500
001 stu9736
005 20150617225803.9
008 970512s1978----cs------------------cze-d
040 |a STU  |b slo 
041 0 |a cze 
044 |a cs 
080 |a 621.397.132 
100 1 |a Vít, Vladimír  |4 aut 
245 1 |a Školení o barevné televizi /  |c [aut.] Vít,Vladimír 
250 |a 1.vyd. 
260 |a Praha :  |b Práce,  |c 1978 
300 |a 430 s 
996 |b 284EK04960  |c E*40601  |l EE01  |s A  |a 24  |w stu9736_0001 
996 |b 284EK04959  |c E*40602  |l EE0101  |s P  |a 0  |w stu9736_0002